000 00641cab a2200229 4500
001 WB3047-44
008 090401t1994 xxu||||| |||| 00| 0 eng d
035 _a(Sirsi) u29981
041 _aeng
245 _aSafe among the branches
260 _c1994
350 _a0
490 _aTimes
_v15 December 1994, 18(1)
520 _aInterviews Robin Cutler, Directorate General of the Forestry Commission assessing the future of the organisation.
650 _aACCESS TO COUNTRYSIDE
650 _aFORESTRY COMMISSION
650 _aPROFILE
650 _aPUBLIC ACCESS
690 _aRURAL PRACTICE
942 _n0
948 _c04/03/1997
999 _c20177
_d20177